La religion dans la France contemporaine : Entre sécularisation et recomposition (notice n° 2198746)

détails MARC
000 -LEADER
fixed length control field 01906cam a2200145 4500500
005 - DATE AND TIME OF LATEST TRANSACTION
control field 20260405085603.0
041 ## - LANGUAGE CODE
Language code of text/sound track or separate title fre
042 ## - AUTHENTICATION CODE
Authentication code dc
100 10 - MAIN ENTRY--PERSONAL NAME
Personal name Portier, Philippe
Relator term author
245 00 - TITLE STATEMENT
Title La religion dans la France contemporaine : Entre sécularisation et recomposition
260 ## - PUBLICATION, DISTRIBUTION, ETC.
Name of publisher, distributor, etc. Armand Colin,<br/>
Date of publication, distribution, etc. 2021.<br/>
520 ## - SUMMARY, ETC.
Summary, etc. Alors que l’on croyait en avoir fini avec le fait religieux sous la poussée d’une modernité occidentale qui semblait en avoir fortement réduit l’impact social, la religion occupe à nouveau une place centrale dans l’actualité française. Au cœur de discussions et polémiques, elle figure également à l’agenda politique, les autorités publiques cherchant à redéfinir aussi bien les conditions d’exercice de la liberté religieuse et ses limites que le point d’équilibre à trouver pour garantir la neutralité religieuse de l’État dans la société. Dans ce contexte, les diverses religions relisent leurs traditions et l’actualisent, suscitant des réactions diverses en leur sein. Cet ouvrage présente les données les plus actuelles sur les reconfigurations contemporaines du religieux en France : net décrochage du catholicisme, progression des « sans religion », pluralisation accentuée, essor de certaines croyances, brouillage des frontières entre religieux et non-religieux… Congédiant l’idée selon laquelle plus de modernité signifierait moins de religion, il vient également montrer que, bien au contraire, l’ultramodernité contemporaine, pénétrée d’incertitudes, entraîne de profonds bouleversements du religieux qui ont des conséquences politiques, sociales et culturelles dont on ne mesure pas encore suffisamment l’ampleur.
700 10 - ADDED ENTRY--PERSONAL NAME
Personal name Willaime, Jean-Paul
Relator term author
856 41 - ELECTRONIC LOCATION AND ACCESS
Uniform Resource Identifier <a href="https://shs.cairn.info/la-religion-dans-la-france-contemporaine--9782200628826?lang=fr&redirect-ssocas=7080">https://shs.cairn.info/la-religion-dans-la-france-contemporaine--9782200628826?lang=fr&redirect-ssocas=7080</a>

Pas d'exemplaire disponible.

PLUDOC

PLUDOC est la plateforme unique et centralisée de gestion des bibliothèques physiques et numériques de Guinée administré par le CEDUST. Elle est la plus grande base de données de ressources documentaires pour les Étudiants, Enseignants chercheurs et Chercheurs de Guinée.

Adresse

627 919 101/664 919 101

25 boulevard du commerce
Kaloum, Conakry, Guinée

Réseaux sociaux

Powered by Netsen Group @ 2025